000
00251nam a22001097a 4500
008
170113b xxu||||| |||| 00| 0 eng d
020
_a
0801613191
041
_a
eng
080
_a
618.2
245
_a
REHABILITATION NURSING
_c
DITTMAR, SH
942
_2
udc
_c
BK
999
_c
2897
_d
2897